书目信息 |
| 题名: |
走向深蓝
|
|
| 作者: | 张召忠 著 | |
| 分册: | 上 | |
| 出版信息: | 广州 广东经济出版社 2011.08 |
|
| 页数: | 2册(411页) | |
| 开本: | 24cm | |
| 丛书名: | 话说中国海洋 | |
| 单 册: | ||
| 中图分类: | D993.5 | |
| 科图分类: | ||
| 主题词: | 海洋权--研究 , 海洋权 | |
| 电子资源: | ||
| ISBN: | 978-7-5454-0906-2 | |
| 000 | 00884oam2 2200265 450 | |
| 001 | 010050018377 | |
| 005 | 20130613125017.31 | |
| 010 | @a978-7-5454-0906-2@dCNY68.00(全2册)@z7-5454-0906-X | |
| 100 | @a20110909d2011 em y0chiy50 ea | |
| 101 | 0 | @achi |
| 102 | @aCN@b440000 | |
| 105 | @aa z 000yy | |
| 106 | @ar | |
| 200 | 1 | @a走向深蓝@9zou xiang shen lan@h上@f张召忠著 |
| 210 | @a广州@c广东经济出版社@d2011.08 | |
| 215 | @a2册(411页)@c图@d24cm | |
| 225 | 2 | @a话说中国海洋@i军事系列 |
| 330 | @a全书共分2册,主要内容包括:海洋是人类生存的第二空间、海洋是不断延伸的海洋国土、海洋文明与海洋观念的对撞、南海诸岛是中国的固有领土等。 | |
| 462 | 0 | @12001 @a话说中国海洋@i军事系列@1701 0@a张召忠@4主编 |
| 606 | 0 | @a海洋权@x研究 |
| 606 | 0 | @a海洋权 |
| 690 | @aD993.5@v4 | |
| 701 | 0 | @a张召忠@9zhang zhao zhong@4著 |
| 801 | 0 | @aCN@bRENTIAN@c20110909 |
| 905 | @dD993.5@e101:1 | |
| 走向深蓝.上/张召忠著.-广州:广东经济出版社,2011.08 |
| 2册(411页):图;24cm.-(话说中国海洋.军事系列) |
| ISBN 978-7-5454-0906-2:CNY68.00(全2册) |
| 全书共分2册,主要内容包括:海洋是人类生存的第二空间、海洋是不断延伸的海洋国土、海洋文明与海洋观念的对撞、南海诸岛是中国的固有领土等。 |
| ● |
| 相关链接 |
|
|
|
|
正题名:走向深蓝
索取号:D993.5/101:1
 
预约/预借
| 序号 | 登录号 | 条形码 | 馆藏地/架位号 | 状态 | 备注 |
| 1 | 0545387 | 205453873 | 第一样本阅览室/ [索取号:D993.5/101:1] | 在馆 | |
| 2 | 0545388 | 205453882 | 第一借阅区/ [索取号:D993.5/101:1] | 在馆 | |
| 3 | 0545389 | 205453891 | 第一借阅区/ [索取号:D993.5/101:1] | 在馆 | |
| 4 | 0545390 | 205453908 | 第一借阅区/ [索取号:D993.5/101:1] | 在馆 | |
| 5 | 0545391 | 205453917 | 第一借阅区/ [索取号:D993.5/101:1] | 在馆 |